000 01107nam a2200289 a 4500
001 ebr10565152
003 CaPaEBR
006 m u
007 cr cn|||||||||
008 120613s2012 gw a sb 001 0 eng d
020 _z9783527328949
020 _z9783527651221 (e-book)
040 _aCaPaEBR
_cCaPaEBR
035 _a(OCoLC)797837657
050 1 4 _aQP106.6
_b.L43 2012eb
100 1 _aLeahy, Martin J.
245 1 0 _aMicrocirculation imaging
_h[electronic resource] /
_cedited by Martin J. Leahy.
260 _aWeinheim :
_bWiley-Blackwell,
_cc2012.
300 _axviii, 393 p. :
_bill.
504 _aIncludes bibliographical references and index.
533 _aElectronic reproduction.
_bPalo Alto, Calif. :
_cebrary,
_d2011.
_nAvailable via World Wide Web.
_nAccess may be limited to ebrary affiliated libraries.
650 0 _aMicrocirculation.
650 0 _aDiagnostic imaging.
655 7 _aElectronic books.
_2local
710 2 _aebrary, Inc.
856 4 0 _uhttp://site.ebrary.com/lib/rucke/Doc?id=10565152
_zAn electronic book accessible through the World Wide Web; click to view
999 _c202384
_d202384